Sports Quiz

Random Sports or Baseball Quiz

MLB Most Home Runs Per Hit Quiz Stats

 Plays Quiz not verified by Sporcle

Score 0/64 Timer 10:00
0 Plays Today
HR% Player % Correct
24.85%Babe Ruth
93.9%
25.96%Barry Bonds
91.9%
35.85%Mark McGwire
90.4%
25.29%Sammy Sosa
87%
20.02%Hank Aaron
83.1%
20.10%Willie Mays
80.6%
22.94%Alex Rodriguez
78.2%
22.65%Ken Griffey
78.2%
22.19%Mickey Mantle
75%
26.58%Jim Thome
74.3%
27.47%Harmon Killebrew
72.3%
21.11%Frank Thomas
71.3%
21.79%Reggie Jackson
70.6%
24.53%Mike Schmidt
67.9%
25.50%Gorman Thomas
67.4%
20.13%Matt Williams
67.2%
21.57%Manny Ramirez
66.4%
24.61%Jose Canseco
64.5%
23.56%Willie McCovey
61%
28.05%Ryan Howard
59.1%
20.18%Jimmie Foxx
59.1%
28.06%Dave Kingman
58.8%
21.47%Albert Pujols
56.9%
24.30%Cecil Fielder
56.6%
23.24%Prince Fielder
56.6%
21.53%Frank Howard
56.4%
21.28%Willie Stargell
55.6%
28.41%Adam Dunn
55.1%
22.12%Andruw Jones
55.1%
21.84%David Ortiz
54.4%
22.42%Juan Gonzalez
50.2%
22.12%Eddie Mathews
50.2%
HR% Player % Correct
20.75%Roger Maris
47.5%
20.08%Mike Piazza
46.1%
25.43%Ralph Kiner
45.6%
23.21%Carlos Delgado
44.9%
22.07%Albert Belle
43.4%
21.68%Jason Giambi
40.2%
20.33%Hank Greenberg
37.7%
20.25%Mo Vaughn
37.5%
24.07%Greg Vaughn
36.8%
26.96%Rob Deer
35%
23.91%Darryl Strawberry
32.6%
21.13%Tony Clark
28.4%
24.35%Jay Buhner
27.7%
23.79%Richie Sexson
27.7%
20.16%Jim Edmonds
27%
20.71%Norm Cash
25.7%
20.82%Mark Teixeira
24.8%
21.62%Rocky Colavito
24%
26.41%Carlos Pena
23.5%
23.27%Troy Glaus
23.5%
22.38%Dean Palmer
15.2%
21.10%Pat Burrell
15%
20.84%Roy Campanella
14.2%
20.82%Bob Horner
13.7%
21.77%Jeromy Burnitz
12.3%
21.64%Mickey Tettleton
11.5%
22.54%Hank Sauer
8.3%
21.61%Dick Stuart
7.8%
22.88%Todd Hundley
7.4%
21.68%Gus Zernial
7.1%
20.77%Nate Colbert
6.6%
20.20%Nick Swisher
2.7%

You're not logged in!

Compare scores with friends on all Sporcle quizzes.
OR
Log In

Show Comments

Extras

Top Quizzes Today


Score Distribution

Your Account Isn't Verified!

In order to create a playlist on Sporcle, you need to verify the email address you used during registration. Go to your Sporcle Settings to finish the process.

Report this User

Report this user for behavior that violates our Community Guidelines.

Details: